[Event "CAN-ch"]
[Site "Montreal,CAN"]
[Date "2017.06.28"]
[Round "3.14"]
[White "Talukdar, Rohan"]
[Black "Mills, Morgon"]
[Result "1/2-1/2"]
[WhiteElo "2119"]
[BlackElo "2011"]
[PlyCount "76"]
[EventDate "2017.06.27"]
[EventType "swiss"]
[EventRounds "9"]
[EventCountry "CAN"]

1. e4 c6 2. d4 d5 3. exd5 cxd5 4. Bd3 Nc6 5. c3 Qc7 6. Ne2 Bg4 7. f3 Bd7 8. f4
g6 9. Nd2 Nf6 10. Qc2 Rc8 11. a3 Bg4 12. Nb3 e6 13. Be3 Bd6 14. O-O Bf5 15.
Rac1 Qb6 16. Nc5 Ng4 17. Qd2 Nxe3 18. Qxe3 Bxd3 19. Nxd3 Na5 20. Qf2 Nc4 21.
Rc2 Qb5 22. Nec1 Be7 23. Qe2 Nd6 24. Nf2 Qxe2 25. Rxe2 O-O 26. Ncd3 Rc7 27. g3
b5 28. Nc5 Nb7 29. Nxb7 Rxb7 30. Nd3 Rc8 31. Kf2 a5 32. Ra1 b4 33. axb4 axb4
34. Rc2 bxc3 35. Rxc3 Rxc3 36. bxc3 Rc7 37. Rc1 Kf8 38. Ke3 h5 1/2-1/2

[Event "CAN-ch"]
[Site "Montreal,CAN"]
[Date "2017.06.28"]
[Round "4.13"]
[White "Lecomte, Andre"]
[Black "Talukdar, Rohan"]
[Result "1-0"]
[WhiteElo "1947"]
[BlackElo "2119"]
[PlyCount "59"]
[EventDate "2017.06.27"]
[EventType "swiss"]
[EventRounds "9"]
[EventCountry "CAN"]

1. e4 c5 2. Nf3 d6 3. d4 cxd4 4. Nxd4 Nf6 5. Nc3 g6 6. Bg5 Bg7 7. Qd2 Nc6 8.
Nb3 O-O 9. O-O-O a6 10. f3 b5 11. Bh6 Bxh6 12. Qxh6 Na5 13. g4 Nxb3+ 14. axb3
Qa5 15. Kb1 Be6 16. h4 Rfc8 17. Nd5 Bxd5 18. exd5 Rc5 19. h5 Rxd5 20. Bd3 g5
21. Bxh7+ Nxh7 22. Rxd5 Qb6 23. Rxg5+ Nxg5 24. Qxg5+ Kf8 25. h6 Qd4 26. h7 Qh8
27. Qh6+ Ke8 28. Qg7 Kd7 29. Qxf7 Rf8 30. Qxf8 1-0

[Event "CAN-ch"]
[Site "Montreal,CAN"]
[Date "2017.06.29"]
[Round "5.14"]
[White "Talukdar, Rohan"]
[Black "Marin, Sam"]
[Result "1-0"]
[WhiteElo "2119"]
[BlackElo "1921"]
[PlyCount "146"]
[EventDate "2017.06.27"]
[EventType "swiss"]
[EventRounds "9"]
[EventCountry "CAN"]

1. e4 e5 2. Nf3 Nc6 3. Bc4 Nf6 4. d3 Bc5 5. Nbd2 O-O 6. O-O d6 7. c3 a6 8. Bb3
b5 9. h3 h6 10. Re1 Re8 11. Nf1 Bb6 12. Ng3 Be6 13. Bxe6 Rxe6 14. d4 d5 15.
Nxe5 Nxe5 16. dxe5 Nxe4 17. Nxe4 dxe4 18. Qh5 Qd5 19. Bf4 Rae8 20. Qf5 e3 21.
fxe3 Rf6 22. Qg4 Rg6 23. Qe2 Qe4 24. Kh1 c6 25. Rad1 Bc7 26. e6 Bxf4 27. exf7+
Kxf7 28. Rd4 Qe5 29. Rxf4+ Qxf4 30. exf4 Rxe2 31. Rxe2 Rd6 32. Kg1 Rd3 33. Kf2
Kf6 34. Re3 Rd2+ 35. Re2 Rd3 36. a3 a5 37. g3 a4 38. Re1 Rd2+ 39. Re2 Rd3 40.
Kg2 Kf7 41. Rc2 Ke6 42. Re2+ Kd5 43. g4 Kd6 44. f5 Kd7 45. h4 Kd8 46. g5 hxg5
47. hxg5 Rd5 48. Rf2 Kd7 49. Kg3 Ke7 50. Kf4 g6 51. Kg4 Rd6 52. Rh2 gxf5+ 53.
Kf4 Rd5 54. Rh7+ Kf8 55. Rc7 Rd2 56. Ke5 f4 57. Kxf4 Rxb2 58. Kf5 Rd2 59. Rxc6
Kf7 60. Rc7+ Kg8 61. Rc5 Ra2 62. Kf6 Rf2+ 63. Kg6 Rf8 64. Rxb5 Rc8 65. Rb6 Kf8
66. Rf6+ Ke7 67. Rf3 Rc4 68. Kg7 Rg4 69. g6 Rg1 70. Kh7 Rh1+ 71. Kg8 Rg1 72. g7
Rg4 73. Re3+ Kf6 1-0

[Event "CAN-ch"]
[Site "Montreal,CAN"]
[Date "2017.06.29"]
[Round "6.10"]
[White "Talukdar, Rohan"]
[Black "Masse, Hugues"]
[Result "1-0"]
[WhiteElo "2119"]
[BlackElo "2138"]
[PlyCount "57"]
[EventDate "2017.06.27"]
[EventType "swiss"]
[EventRounds "9"]
[EventCountry "CAN"]

1. e4 e6 2. d4 d5 3. Nd2 Be7 4. e5 Nh6 5. Bd3 c5 6. c3 cxd4 7. cxd4 Nc6 8. Ne2
f6 9. exf6 gxf6 10. Nf3 Nf7 11. O-O O-O 12. Be3 Bd7 13. Rc1 Rc8 14. Nc3 Na5 15.
b3 a6 16. Qd2 b5 17. Ne2 Nc6 18. Nf4 Qa5 19. Qc2 Nce5 20. Bxh7+ Kh8 21. Qb1
Nxf3+ 22. gxf3 Rfd8 23. Bg6 Nd6 24. Kg2 Qb6 25. Rc5 b4 26. Rfc1 Nb7 27. Rxc8
Rxc8 28. Rxc8+ Bxc8 29. Bf7 1-0

[Event "CAN-ch"]
[Site "Montreal,CAN"]
[Date "2017.06.30"]
[Round "8.8"]
[White "Durette, Francis"]
[Black "Talukdar, Rohan"]
[Result "0-1"]
[WhiteElo "2028"]
[BlackElo "2119"]
[PlyCount "88"]
[EventDate "2017.06.27"]
[EventType "swiss"]
[EventRounds "9"]
[EventCountry "CAN"]

1. e4 c5 2. Nf3 d6 3. d4 cxd4 4. Nxd4 Nf6 5. Nc3 g6 6. Be3 Bg7 7. Be2 Nc6 8.
O-O O-O 9. Nb3 a5 10. a3 a4 11. Nd4 d5 12. exd5 Nxd5 13. Nxc6 bxc6 14. Bd4 Nxc3
15. Bxc3 Bxc3 16. bxc3 Qa5 17. Qd4 Rd8 18. Qb4 Bf5 19. Bf3 Qc7 20. Rfe1 Rd6 21.
Be4 c5 22. Qb5 Bxe4 23. Rxe4 Rda6 24. Rae1 e6 25. Rc4 Ra5 26. Qb2 Rd8 27. Qc1
Rd5 28. Rh4 c4 29. Qh6 Rh5 30. Qf4 Rhe5 31. Rxe5 Rxe5 32. Kf1 Qd6 33. Qc1 Rd5
34. Ke2 g5 35. Rh3 f6 36. Rg3 Kf7 37. h3 h6 38. Rf3 Kg6 39. g3 f5 40. h4 Re5+
41. Kf1 Qd5 42. h5+ Kg7 43. Kg2 g4 44. Qf4 Qxf3+ 0-1

[Event "CMA Futurity 2017.02.14 ABC"]
[Site "Toronto CAN"]
[Date "2017.04.15"]
[Round "2"]
[White "Hua, Eugene"]
[Black "Talukdar, Rohan"]
[Result "1-0"]
[WhiteElo "2163"]
[BlackElo "2096"]
[PlyCount "115"]
[EventDate "2017.04.14"]
[EventType "tourn"]
[EventRounds "5"]
[EventCountry "CAN"]

1. c4 Nf6 2. g3 g6 3. Bg2 Bg7 4. Nc3 O-O 5. e4 d6 6. Nge2 c5 7. O-O Nc6 8. d3
Rb8 9. h3 a6 10. a4 Ne8 11. Be3 Nc7 12. d4 cxd4 13. Nxd4 Ne6 14. Nde2 Bd7 15.
Rb1 Na5 16. b3 b5 17. cxb5 axb5 18. Nd5 bxa4 19. bxa4 Rxb1 20. Qxb1 Nc4 21. Bb6
Nxb6 22. Nxb6 Nc5 23. a5 Bc8 24. Rd1 Ba6 25. Nd4 Bxd4 26. Rxd4 Qb8 27. Qc2 Qa7
28. e5 Bb7 29. exd6 exd6 30. Bxb7 Nxb7 31. Ra4 Nc5 32. Ra1 Re8 33. Nd5 Re5 34.
Nf6+ Kf8 35. Ng4 Re6 36. Qb2 d5 37. Qd4 Ra6 38. Qxd5 Ne6 39. Qc4 h5 40. Qc8+
Kg7 41. Ne3 Nd4 42. Rb1 Rxa5 43. Rb8 Kf6 44. Qd8+ Ke6 45. Rb6+ Ke5 46. Qf6+ Ke4
47. Kg2 Kd3 48. Rd6 Qb7+ 49. Kh2 Qe4 50. Qxf7 Ke2 51. Qc4+ Kxf2 52. Nd1+ Ke1
53. Qc3+ Kf1 54. Ne3+ Kf2 55. Rxd4 Qxe3 56. Rd2+ Kf3 57. Qc6+ Qe4 58. Rd3+ 1-0

[Event "CMA Futurity 2017.02.14 ABC"]
[Site "Toronto CAN"]
[Date "2017.04.15"]
[Round "3"]
[White "Talukdar, Rohan"]
[Black "Noritsyn, Sergey"]
[Result "0-1"]
[WhiteElo "2096"]
[BlackElo "2097"]
[PlyCount "112"]
[EventDate "2017.04.14"]
[EventType "tourn"]
[EventRounds "5"]
[EventCountry "CAN"]

1. e4 d5 2. exd5 Nf6 3. Bb5+ Bd7 4. Bc4 Bg4 5. f3 Bf5 6. Nc3 Nbd7 7. Nge2 a6 8.
O-O Nb6 9. Bb3 Nfxd5 10. Nxd5 Nxd5 11. d4 e6 12. c4 Nf6 13. Be3 Be7 14. Nc3 O-O
15. Bc2 Bxc2 16. Qxc2 Qd7 17. Rfd1 b5 18. b3 Bb4 19. Ne4 Be7 20. Rac1 Rfc8 21.
d5 exd5 22. Nxf6+ Bxf6 23. Rxd5 Qe6 24. Bf2 Re8 25. Rcd1 b4 26. Re1 Qc6 27. Re4
Rad8 28. Qd2 a5 29. Kf1 h6 30. Bg3 Rxe4 31. fxe4 Re8 32. Qf4 Bg5 33. Qf3 a4 34.
h4 axb3 35. axb3 Bf6 36. e5 Be7 37. Bf2 Qg6 38. Qd3 Qg4 39. Qf3 Qg6 40. Qd3 Qa6
41. Be1 Qe6 42. Qe4 Bd6 43. Bg3 f6 44. Qg6 Ra8 45. Kg1 Be7 46. exf6 Bxf6 47.
Kh2 Re8 48. h5 Qc6 49. Bxc7 Qxc7+ 50. Kh3 Qe7 51. Rb5 Qd7+ 52. Kh2 Qd6+ 53. g3
Re2+ 54. Kh3 Qe6+ 55. Rf5 Rf2 56. g4 Qe3+ 0-1

[Event "CMA Futurity 2017.02.14 ABC"]
[Site "Toronto CAN"]
[Date "2017.04.16"]
[Round "4"]
[White "Talukdar, Rohan"]
[Black "Bluvshtein, Ilia"]
[Result "1-0"]
[WhiteElo "2096"]
[BlackElo "2100"]
[PlyCount "99"]
[EventDate "2017.04.14"]
[EventType "tourn"]
[EventRounds "5"]
[EventCountry "CAN"]

1. e4 e5 2. Nf3 Nc6 3. Bc4 Nf6 4. d3 d5 5. exd5 Nxd5 6. h3 Bc5 7. O-O O-O 8.
Re1 f6 9. Nc3 Be6 10. d4 Bb6 11. dxe5 Nf4 12. Bxe6+ Nxe6 13. Qxd8 Raxd8 14.
exf6 Rxf6 15. Be3 Nf4 16. Ne4 Rf5 17. Neg5 Bxe3 18. fxe3 Ng6 19. Rad1 Rfd5 20.
Rxd5 Rxd5 21. Ne6 Nce5 22. Nxe5 Rxe5 23. Nd4 c5 24. Nf3 Re7 25. Kf2 Ne5 26.
Nxe5 Rxe5 27. e4 Kf7 28. Kf3 c4 29. Rd1 Rb5 30. b3 cxb3 31. cxb3 Ke7 32. Rd5
Rb6 33. Rc5 Rf6+ 34. Ke3 Kd7 35. Rf5 Rg6 36. Rf7+ Kc6 37. Kf3 a5 38. h4 b5 39.
h5 Rh6 40. g4 Kc5 41. Rxg7 Kb4 42. Rb7 Rf6+ 43. Ke3 h6 44. e5 Rf1 45. Rb6 Re1+
46. Kf4 Re2 47. a4 Kxb3 48. axb5 Kc4 49. Rxh6 Kxb5 50. Rh8 1-0

[Event "CMA Futurity 2017.02.14 ABC"]
[Site "Toronto CAN"]
[Date "2017.04.16"]
[Round "5"]
[White "Gordon, David"]
[Black "Talukdar, Rohan"]
[Result "1/2-1/2"]
[WhiteElo "2187"]
[BlackElo "2096"]
[PlyCount "91"]
[EventDate "2017.04.14"]
[EventType "tourn"]
[EventRounds "5"]
[EventCountry "CAN"]

1. d4 Nf6 2. Bg5 c5 3. d5 Qb6 4. Nc3 Qxb2 5. Bd2 Qb6 6. e4 d6 7. f4 Qd8 8. Nf3
g6 9. Bc4 Bg7 10. O-O O-O 11. Rb1 Nbd7 12. a4 Nb6 13. Ba2 Bd7 14. e5 dxe5 15.
fxe5 Ng4 16. Qe2 e6 17. Bg5 Qb8 18. d6 Bc6 19. Be7 Bxf3 20. Rxf3 Nxe5 21. Re3
Re8 22. Rxe5 Rxe7 23. Nb5 a6 24. Nc7 Rxc7 25. dxc7 Qxc7 26. Rxe6 fxe6 27. Qxe6+
Kh8 28. Qxb6 Qf4 29. Qxb7 Rf8 30. g3 Qf2+ 31. Kh1 Qxc2 32. Qd5 Qxa4 33. Bc4 Bd4
34. Rf1 Qe8 35. Rxf8+ Qxf8 36. Bxa6 Kg7 37. Kg2 Qf2+ 38. Kh3 Kf6 39. Qd6+ Kg7
40. Qe7+ Qf7 41. Qxf7+ Kxf7 42. Bc4+ Kf6 43. Kg4 g5 44. h4 gxh4 45. gxh4 h6 46.
Kf4 1/2-1/2

[Event "Hart House Reading Week op"]
[Site "Toronto CAN"]
[Date "2017.02.18"]
[Round "1"]
[White "Talukdar, Rohan"]
[Black "Liu, Lambert"]
[Result "1/2-1/2"]
[WhiteElo "2230"]
[BlackElo "2194"]
[PlyCount "76"]
[EventDate "2017.02.18"]
[EventType "swiss"]
[EventRounds "6"]
[EventCountry "CAN"]

1. e4 c5 2. Nf3 g6 3. d4 cxd4 4. Nxd4 Nc6 5. c4 Nf6 6. Nc3 d6 7. Be2 Nxd4 8.
Qxd4 Bg7 9. Be3 O-O 10. Qd2 Be6 11. f3 Qa5 12. Nd5 Qxd2+ 13. Kxd2 Nxd5 14. cxd5
Bd7 15. Rac1 Rfc8 16. b3 a5 17. a4 Bb2 18. Rc4 Ba3 19. Bd4 Bb4+ 20. Ke3 e5 21.
Bb6 Rxc4 22. Bxc4 Rc8 23. Kd3 Kf8 24. g3 Ke7 25. Rc1 f6 26. Rc2 Be1 27. Rc1 Bb4
28. f4 Ba3 29. Ra1 Bb4 30. h3 h5 31. Rh1 Rh8 32. Be3 Bc5 33. fxe5 fxe5 34. Bg5+
Ke8 35. Rf1 Rf8 36. Kd2 Bb4+ 37. Kd1 Rxf1+ 38. Bxf1 Bc3 1/2-1/2

[Event "Hart House Reading Week op"]
[Site "Toronto CAN"]
[Date "2017.02.18"]
[Round "2"]
[White "Yu, Wenlu"]
[Black "Talukdar, Rohan"]
[Result "0-1"]
[WhiteElo "2138"]
[BlackElo "2230"]
[PlyCount "102"]
[EventDate "2017.02.18"]
[EventType "swiss"]
[EventRounds "6"]
[EventCountry "CAN"]

1. Nf3 Nf6 2. b3 g6 3. Bb2 Bg7 4. g3 c5 5. Bg2 Nc6 6. O-O d5 7. d3 O-O 8. Nbd2
b6 9. c4 Bb7 10. cxd5 Nxd5 11. Bxg7 Kxg7 12. Nc4 Nd4 13. Rc1 Nb4 14. Nxd4 Bxg2
15. Kxg2 cxd4 16. Qd2 Nd5 17. e3 Rc8 18. exd4 Nf6 19. Qe3 Qd5+ 20. f3 Rfd8 21.
Qxe7 Qxd4 22. Ne5 Qd5 23. Rc7 Rxc7 24. Qxc7 Rd6 25. d4 h5 26. h3 h4 27. g4 Qe6
28. Qc3 Nd5 29. Qd2 Rd8 30. f4 f6 31. f5 Qd6 32. Qe1 fxe5 33. dxe5 Qc6 34. Kh2
Qc3 35. f6+ Kf8 36. Qxh4 Qxe5+ 37. Kh1 Kf7 38. Qh7+ Ke6 39. Qxg6 Nxf6 40. Qh6
Rd3 41. Rf2 Rg3 42. Qc1 Rxh3+ 43. Kg1 Rc3 44. Qf1 Rg3+ 45. Kh1 Rxg4 46. Rxf6+
Qxf6 47. Qe2+ Kf5 48. Qf3+ Kg5 49. Qe3+ Kh5 50. Qe8+ Kh6 51. Qe3+ Kg7 0-1

[Event "NAYCC U14"]
[Site "Windsor CAN"]
[Date "2016.08.07"]
[Round "1.55"]
[White "Talukdar, Rohan"]
[Black "Rama, Vikas"]
[Result "1-0"]
[WhiteElo "2126"]
[BlackElo "1627"]
[PlyCount "85"]
[EventDate "2016.08.07"]
[EventType "swiss"]
[EventRounds "9"]
[EventCountry "CAN"]

1. e4 c5 2. Nc3 Nc6 3. Bb5 a6 4. Bxc6 bxc6 5. f4 d5 6. d3 g6 7. Nf3 Bg7 8. O-O
e6 9. Qe1 Ne7 10. Na4 f5 11. e5 Bd7 12. Nxc5 Qc7 13. Be3 h6 14. h4 h5 15. c4
Bh6 16. Qd2 Kf7 17. Rfc1 Rhe8 18. b4 Reb8 19. Rab1 Qd8 20. a4 Qe8 21. g3 Qd8
22. Kh2 Qe8 23. Qe1 Qd8 24. Qf2 Qe8 25. a5 Qd8 26. Na4 Nc8 27. cxd5 exd5 28.
e6+ Kxe6 29. Ne5 Be8 30. Qe2 Kd6 31. Rxc6+ Bxc6 32. Nf7+ Kd7 33. Nc5+ Ke7 34.
Nxd8 Kxd8 35. Bd4 Rb7 36. Nxb7+ Bxb7 37. Qe6 Bg7 38. Bxg7 Kc7 39. Rc1+ Kb8 40.
Be5+ Ka7 41. Bd4+ Kb8 42. Qe5+ Nd6 43. Qxd6# 1-0

[Event "NAYCC U14"]
[Site "Windsor CAN"]
[Date "2016.08.08"]
[Round "2.54"]
[White "Padmanabhan, Karthik"]
[Black "Talukdar, Rohan"]
[Result "1/2-1/2"]
[WhiteElo "1818"]
[BlackElo "2126"]
[PlyCount "133"]
[EventDate "2016.08.07"]
[EventType "swiss"]
[EventRounds "9"]
[EventCountry "CAN"]

1. e4 e6 2. d4 d5 3. e5 c5 4. c3 Nc6 5. Nf3 Bd7 6. a3 f6 7. b4 fxe5 8. dxe5 Qc7
9. Bf4 O-O-O 10. b5 Na5 11. Nbd2 Be7 12. Qc2 g5 13. Nxg5 Bxg5 14. Bxg5 Qxe5+
15. Be3 Nf6 16. O-O-O Qc7 17. c4 b6 18. Nb3 Nxb3+ 19. Qxb3 Rhg8 20. h4 Rdf8 21.
cxd5 exd5 22. g3 Be6 23. Bf4 Qf7 24. Bg2 Nh5 25. Bxd5 Nxf4 26. gxf4 Qxf4+ 27.
Qe3 Bxd5 28. Qxf4 Rxf4 29. Rxd5 Rxf2 30. Rhd1 Ra2 31. Rd7 Ra1+ 32. Kb2 Rxd1 33.
Rxd1 Rg2+ 34. Kb3 Rh2 35. Rf1 Rxh4 36. Rf8+ Kc7 37. Rf7+ Kd6 38. Rxa7 h5 39.
Rb7 c4+ 40. Kb4 c3+ 41. Kxc3 Kc5 42. Rf7 Rh3+ 43. Kb2 Kxb5 44. Rf4 Kc5 45. Rf5+
Kc4 46. Rf4+ Kb5 47. Rf5+ Ka4 48. Rf4+ Ka5 49. Re4 b5 50. Rf4 Rg3 51. Rh4 Rg5
52. Kb3 Kb6 53. Rh3 Kc5 54. Kc3 Kd5 55. Rh4 Rf5 56. a4 bxa4 57. Rxa4 Rf3+ 58.
Kd2 Ke6 59. Ke2 Rb3 60. Ra5 h4 61. Kf2 h3 62. Kg1 Kf6 63. Kh2 Kg6 64. Rc5 Ra3
65. Rb5 Rc3 66. Ra5 Rb3 67. Rc5 1/2-1/2

[Event "NAYCC U14"]
[Site "Windsor CAN"]
[Date "2016.08.08"]
[Round "3.57"]
[White "Talukdar, Rohan"]
[Black "Feng, Richard"]
[Result "1-0"]
[WhiteElo "2126"]
[BlackElo "1679"]
[PlyCount "67"]
[EventDate "2016.08.07"]
[EventType "swiss"]
[EventRounds "9"]
[EventCountry "CAN"]

1. d4 f5 2. c4 Nf6 3. Nc3 g6 4. g3 Bg7 5. Bg2 d6 6. e3 O-O 7. Nge2 c6 8. O-O
Qe8 9. b3 Na6 10. Bb2 e5 11. Ba3 c5 12. Nb5 Qe7 13. dxc5 dxc5 14. Qd6 Qxd6 15.
Nxd6 e4 16. Rad1 Ne8 17. f3 Nxd6 18. Rxd6 Re8 19. fxe4 fxe4 20. Bxe4 Bh6 21.
Bd5+ Kh8 22. Bb2+ Bg7 23. Bxg7+ Kxg7 24. Rf7+ Kh6 25. Rxa6 Bg4 26. Bxb7 Rad8
27. Bd5 Rxe3 28. Nf4 Re1+ 29. Kf2 Rde8 30. Raxa7 Bd1 31. h4 R8e7 32. Raxe7 Rxe7
33. Rxe7 Bh5 34. Bg8 1-0

[Event "NAYCC U14"]
[Site "Windsor CAN"]
[Date "2016.08.09"]
[Round "4.61"]
[White "Zhang, Henry"]
[Black "Talukdar, Rohan"]
[Result "1/2-1/2"]
[WhiteElo "1957"]
[BlackElo "2126"]
[PlyCount "48"]
[EventDate "2016.08.07"]
[EventType "swiss"]
[EventRounds "9"]
[EventCountry "CAN"]

1. e4 c5 2. Nf3 d6 3. d4 cxd4 4. Qxd4 Nc6 5. Bb5 Bd7 6. Bxc6 Bxc6 7. Nc3 Nf6 8.
Bg5 e6 9. O-O-O Be7 10. Qd3 Qa5 11. h4 h6 12. Bd2 Qa6 13. Qxa6 bxa6 14. Rhe1
Ng4 15. Re2 O-O 16. Nd4 Bd7 17. f3 Ne5 18. h5 Rab8 19. b3 Rfc8 20. f4 Ng4 21.
e5 dxe5 22. fxe5 Rc5 23. Rde1 Bh4 24. g3 Bg5 1/2-1/2

[Event "NAYCC U14"]
[Site "Windsor CAN"]
[Date "2016.08.09"]
[Round "5.59"]
[White "Talukdar, Rohan"]
[Black "Liu, Aristo"]
[Result "1-0"]
[WhiteElo "2126"]
[BlackElo "1914"]
[PlyCount "79"]
[EventDate "2016.08.07"]
[EventType "swiss"]
[EventRounds "9"]
[EventCountry "CAN"]

1. e4 e5 2. Nf3 Nc6 3. Bc4 Bc5 4. c3 Nf6 5. d3 O-O 6. O-O d6 7. Bb3 Bb6 8. h3
h6 9. Re1 Re8 10. Nbd2 Nh5 11. Nc4 Nf4 12. Bxf4 exf4 13. d4 Na5 14. Nxa5 Bxa5
15. e5 d5 16. Qd2 g5 17. Bc2 Kg7 18. Qd3 Rh8 19. e6 fxe6 20. Qg6+ Kf8 21. Ne5
Qe7 22. Qd3 Qg7 23. Ng6+ Kf7 24. Nxh8+ Qxh8 25. h4 Qg7 26. Qf3 c6 27. Qh5+ Kf8
28. hxg5 hxg5 29. g3 Bc7 30. Kg2 e5 31. dxe5 Be6 32. Bg6 Bd8 33. Rh1 Rb8 34.
gxf4 gxf4 35. Kf3 d4 36. cxd4 Bd5+ 37. Be4 Bxe4+ 38. Kxe4 Qg2+ 39. Kf5 Bh4 40.
Qxh4 1-0

[Event "NAYCC U14"]
[Site "Windsor CAN"]
[Date "2016.08.10"]
[Round "6.60"]
[White "Hawthorn, Charles"]
[Black "Talukdar, Rohan"]
[Result "0-1"]
[WhiteElo "1666"]
[BlackElo "2126"]
[PlyCount "144"]
[EventDate "2016.08.07"]
[EventType "swiss"]
[EventRounds "9"]
[EventCountry "CAN"]

1. d4 Nf6 2. c4 g6 3. Nc3 Bg7 4. e4 d6 5. h3 O-O 6. Bg5 c5 7. d5 a6 8. Nf3 b5
9. Qc2 Qa5 10. Bd2 b4 11. Nd1 e6 12. Bd3 exd5 13. exd5 Re8+ 14. Ne3 Nh5 15. O-O
Nf4 16. Ne1 Qd8 17. Nd1 Nxd3 18. Nxd3 Bf5 19. g4 Be4 20. f3 Qh4 21. Kg2 Be5 22.
Be1 Bxd3 23. Qxd3 Qf6 24. Qd2 Bf4 25. Qf2 Nd7 26. Qc2 Re7 27. Nf2 Rae8 28. Ne4
Qg7 29. Bg3 Bxg3 30. Nxg3 h5 31. Rf2 h4 32. Ne4 Qe5 33. g5 Kg7 34. Re1 Qf4 35.
Qd2 Qe5 36. Qc2 Kf8 37. Qd2 Kg7 38. Qc2 Kh8 39. Qd2 f5 40. gxf6 Nxf6 41. f4
Nxe4 42. fxe5 Nxd2 43. Rxd2 Rxe5 44. Rxe5 Rxe5 45. Rf2 Kg7 46. b3 a5 47. Rd2
Kf6 48. Rf2+ Kg5 49. Rd2 Re4 50. Kf3 Kf5 51. Rg2 Rf4+ 52. Ke3 g5 53. Rg1 Re4+
54. Kf3 Rd4 55. Ke3 Rf4 56. Rg2 a4 57. Rg1 a3 58. Rg2 Kf6 59. Rg1 Kf5 60. Rg2
g4 61. hxg4+ Rxg4 62. Rf2+ Ke5 63. Rh2 Rg3+ 64. Kf2 Rc3 65. Ke1 h3 66. Kd2 Kf4
67. Rf2+ Rf3 68. Re2 Kg3 69. Re6 h2 70. Rg6+ Kf2 71. Rh6 Kg2 72. Rg6+ Rg3 0-1

[Event "NAYCC U14"]
[Site "Windsor CAN"]
[Date "2016.08.10"]
[Round "7.58"]
[White "Talukdar, Rohan"]
[Black "Doknjas, Joshua"]
[Result "1/2-1/2"]
[WhiteElo "2126"]
[BlackElo "2137"]
[PlyCount "68"]
[EventDate "2016.08.07"]
[EventType "swiss"]
[EventRounds "9"]
[EventCountry "CAN"]

1. d4 d5 2. c4 c6 3. Nc3 Nf6 4. Nf3 dxc4 5. e4 b5 6. e5 Nd5 7. a4 e6 8. Ng5 h6
9. Nge4 b4 10. Nb1 Ba6 11. Qg4 b3 12. Bd2 Nb4 13. Na3 Nd3+ 14. Bxd3 cxd3 15.
Bc3 Qd5 16. Nd2 Nd7 17. O-O Nb6 18. a5 Na4 19. Nab1 Bb5 20. Qf3 Qxf3 21. gxf3
c5 22. Nxb3 c4 23. N3d2 a6 24. b3 Nxc3 25. Nxc3 Bb4 26. Nde4 cxb3 27. Nxb5 axb5
28. Rab1 O-O 29. Rxb3 Bxa5 30. Rxd3 Rfd8 31. Rb1 b4 32. f4 Kf8 33. Kg2 Ke7 34.
Nd6 Rab8 1/2-1/2

[Event "NAYCC U14"]
[Site "Windsor CAN"]
[Date "2016.08.11"]
[Round "8.58"]
[White "Titus, Andrew"]
[Black "Talukdar, Rohan"]
[Result "0-1"]
[WhiteElo "2143"]
[BlackElo "2126"]
[PlyCount "62"]
[EventDate "2016.08.07"]
[EventType "swiss"]
[EventRounds "9"]
[EventCountry "CAN"]

1. e4 c5 2. Nf3 d6 3. d4 cxd4 4. Nxd4 Nf6 5. Nc3 g6 6. Be3 Bg7 7. f3 Nc6 8. Qd2
O-O 9. g4 Be6 10. O-O-O Ne5 11. g5 Nfd7 12. f4 Nc6 13. Nxe6 fxe6 14. Bc4 Nc5
15. a3 Qa5 16. Bxc5 Qxc5 17. Bxe6+ Kh8 18. Rhf1 b5 19. Qd5 Qb6 20. Bd7 b4 21.
Na4 Qe3+ 22. Qd2 Qxe4 23. Rfe1 Qc4 24. b3 bxa3 25. Kb1 Nb4 26. Re5 a2+ 27. Kb2
Qxf4 28. Qxf4 Rxf4 29. c3 Bxe5 30. Ka3 a1=Q+ 31. Rxa1 Nc2+ 0-1

[Event "NAYCC U14"]
[Site "Windsor CAN"]
[Date "2016.08.11"]
[Round "9.57"]
[White "Shlionsky, Aaron"]
[Black "Talukdar, Rohan"]
[Result "1-0"]
[WhiteElo "2204"]
[BlackElo "2126"]
[PlyCount "89"]
[EventDate "2016.08.07"]
[EventType "swiss"]
[EventRounds "9"]
[EventCountry "CAN"]

1. e4 e6 2. d4 d5 3. e5 c5 4. c3 Nc6 5. Nf3 Bd7 6. a3 f6 7. Bd3 Qc7 8. Qe2
O-O-O 9. O-O h6 10. b4 c4 11. Bc2 f5 12. a4 g5 13. Na3 Be8 14. Ne1 Qg7 15. Nb5
h5 16. Ba3 Nh6 17. Nd6+ Bxd6 18. exd6 Qf6 19. b5 Na5 20. Qe5 Ng4 21. Qxf6 Nxf6
22. Nf3 Rg8 23. Rfe1 g4 24. Ne5 Rg7 25. Bb4 b6 26. Kh1 Bd7 27. f3 Nh7 28. Rab1
Ng5 29. Bxa5 bxa5 30. b6 Kb7 31. bxa7+ Kxa7 32. f4 Ne4 33. Bxe4 fxe4 34. Rb2 e3
35. Reb1 Bxa4 36. Ra2 Rb8 37. Rxb8 Kxb8 38. Rxa4 e2 39. Ra1 Rb7 40. Kg1 a4 41.
Kf2 Rb2 42. Rxa4 h4 43. d7 Kc7 44. Ra7+ Kd8 45. Ra8+ 1-0

[Event "CAN-op"]
[Site "Windsor CAN"]
[Date "2016.07.10"]
[Round "1.4"]
[White "Talukdar, Rohan"]
[Black "Bitan, Banerjee"]
[Result "1-0"]
[WhiteElo "2051"]
[BlackElo "2420"]
[PlyCount "65"]
[EventDate "2016.07.10"]
[EventType "swiss"]
[EventRounds "9"]
[EventCountry "CAN"]

1. e4 c5 2. Nc3 a6 3. g3 Nc6 4. f4 g6 5. Bg2 Bg7 6. d3 e6 7. Nf3 Nge7 8. O-O d5
9. Qe2 O-O 10. Nd1 b5 11. c3 d4 12. Bd2 Bb7 13. Nf2 f6 14. g4 Re8 15. cxd4 cxd4
16. Rac1 Qb6 17. Qd1 Bc8 18. f5 exf5 19. gxf5 gxf5 20. Nh4 Ne5 21. Qh5 Be6 22.
Nxf5 Nxf5 23. exf5 Bf7 24. Qh3 Ra7 25. Ng4 Nxg4 26. Qxg4 Bxa2 27. Rc6 Qd8 28.
Ra1 Bd5 29. Rcxa6 Rae7 30. Bb4 Rd7 31. Bxd5+ Rxd5 32. Ra7 Rd7 33. Bc5 1-0

[Event "CAN-op"]
[Site "Windsor CAN"]
[Date "2016.07.11"]
[Round "2.8"]
[White "Song, Edward"]
[Black "Talukdar, Rohan"]
[Result "1/2-1/2"]
[WhiteElo "2305"]
[BlackElo "2051"]
[PlyCount "54"]
[EventDate "2016.07.10"]
[EventType "swiss"]
[EventRounds "9"]
[EventCountry "CAN"]

1. e4 c5 2. Nf3 d6 3. d4 cxd4 4. Nxd4 Nf6 5. Nc3 g6 6. Be3 Bg7 7. f3 Nc6 8. Qd2
O-O 9. g4 Be6 10. Nxe6 fxe6 11. O-O-O Ne5 12. Be2 Qc8 13. h4 Nfd7 14. f4 Nc4
15. Bxc4 Qxc4 16. Qd3 Nb6 17. h5 Bxc3 18. bxc3 Qxa2 19. Bxb6 axb6 20. hxg6 Rxf4
21. Rxh7 Qa3+ 22. Kd2 Rf2+ 23. Ke1 Raf8 24. Rh8+ Kg7 25. Rh7+ Kg8 26. Rh8+ Kg7
27. Rh7+ Kg8 1/2-1/2

[Event "CAN-op"]
[Site "Windsor CAN"]
[Date "2016.07.12"]
[Round "3.9"]
[White "Talukdar, Rohan"]
[Black "Sohal, Tanraj"]
[Result "1/2-1/2"]
[WhiteElo "2218"]
[BlackElo "2425"]
[PlyCount "140"]
[EventDate "2016.07.10"]
[EventType "swiss"]
[EventRounds "9"]
[EventCountry "CAN"]

1. e4 e6 2. d4 d5 3. Nc3 Bb4 4. exd5 exd5 5. Bd3 Nf6 6. Nge2 O-O 7. O-O Re8 8.
Ng3 c6 9. h3 Nbd7 10. Qf3 Nf8 11. Nce2 g6 12. c3 Be7 13. Nf4 Ne6 14. Nxe6 Bxe6
15. Bg5 Nd7 16. Bxe7 Qxe7 17. Rfe1 Qd6 18. Ne2 f5 19. Nf4 Nf6 20. Nxe6 Rxe6 21.
Rxe6 Qxe6 22. Qe3 Qxe3 23. fxe3 Kf7 24. c4 dxc4 25. Bxc4+ Ke7 26. Kf2 Rd8 27.
Ke2 Kd6 28. Rc1 Re8 29. Kf3 Ne4 30. Bd3 Ng5+ 31. Kf2 Ne6 32. Bc4 Ng5 33. Bd3 b6
34. b4 Ne6 35. Bc4 f4 36. Bxe6 fxe3+ 37. Kxe3 Rxe6+ 38. Kd3 Rf6 39. Rc2 Rf1 40.
Re2 a6 41. Kc4 Rf5 42. Kc3 a5 43. bxa5 Rxa5 44. Kd3 Ra4 45. Rb2 Kd5 46. Rxb6
Rxa2 47. Rb7 h5 48. Rd7+ Ke6 49. Rc7 Kd6 50. Rg7 Rxg2 51. Ke4 Rg3 52. Rg8 Ke6
53. Rc8 Rxh3 54. Rxc6+ Kf7 55. Ke5 Re3+ 56. Kf4 Re6 57. Rc8 Re1 58. d5 Ke7 59.
Rc6 Rg1 60. Ke5 Rg5+ 61. Kf4 Rg2 62. Ke5 Rg5+ 63. Kf4 Rf5+ 64. Ke4 Kf7 65. d6
Rf1 66. Ke5 Re1+ 67. Kf4 Rd1 68. Ke5 g5 69. Rc7+ Kg6 70. d7 Re1+ 1/2-1/2

[Event "CAN-op"]
[Site "Windsor CAN"]
[Date "2016.07.16"]
[Round "7.16"]
[White "Talukdar, Rohan"]
[Black "Song, Sam"]
[Result "0-1"]
[WhiteElo "2218"]
[BlackElo "2316"]
[PlyCount "64"]
[EventDate "2016.07.10"]
[EventType "swiss"]
[EventRounds "9"]
[EventCountry "CAN"]

1. e4 c5 2. Nc3 a6 3. g3 b5 4. Bg2 Bb7 5. d3 e6 6. f4 d5 7. Qe2 d4 8. Nd1 Nc6
9. Nf3 h5 10. Nf2 Be7 11. Bd2 Nf6 12. a4 Nd7 13. b3 Nb6 14. O-O Qc7 15. axb5
axb5 16. g4 hxg4 17. Nxg4 f6 18. c3 Rxa1 19. Rxa1 dxc3 20. Bxc3 Qxf4 21. h3 Qc7
22. Qf2 Kd7 23. d4 cxd4 24. Bxd4 Nxd4 25. Qxd4+ Kc8 26. Qb2 Bc5+ 27. Nf2 Bxe4
28. Qe2 Bd5 29. b4 Bxb4 30. Nd4 Bc5 31. Nxb5 Qg3 32. Na7+ Kb8 0-1